[Event "Hallstahammar op"]
[Site "Hallstahammar"]
[Date "2003.09.14"]
[Round "7"]
[White "Jahjajev, Zaur"]
[Black "Ruuska, Jan Olof"]
[Result "0-1"]
[WhiteElo "1843"]
[BlackElo "1475"]
[PlyCount "60"]
[EventDate "2003.09.12"]
[EventType "swiss"]
[EventRounds "7"]
[EventCountry "SWE"]
[SourceTitle "CBM 096 Extra"]
[Source "ChessBase"]
[SourceDate "2003.10.22"]
[SourceVersion "2"]
[SourceVersionDate "2003.10.20"]
[SourceQuality "1"]

1. e4 e6 2. d4 d5 3. Nc3 Bb4 4. e5 c5 5. a3 Bxc3+ 6. bxc3 Qc7 7. Nf3 b6 8. Bd3 Ba6 9. 0-0 Bxd3 10. Qxd3 f6 11. exf6 Nxf6 12. Ng5 e5 13. Qg3 Ne4 14. Ne6 Nxg3 15. Nxc7+ Kd7 16. Nxa8 Nxf1 17. Kxf1 Nc6 18. Nxb6+ axb6 19. dxe5 Nxe5 20. Bf4 Nc4 21. g4 Rf8 22. Bc1 Rf3 23. Rb1 Rxc3 24. Rb3 Rxc2 25. Bf4 Ra2 26. Bc1 Kc6 27. Ke1 d4 28. h4 Ne5 29. g5 c4 30. Rb1 Nf3+ 0-1